Nitrate, agriculture and the environment
Salvato in:
| Autore principale: | |
|---|---|
| Natura: | Libro |
| Lingua: | inglese |
| Pubblicazione: |
Oxford
CABI
2005
|
| Soggetti: | |
| Tags: |
Aggiungi Tag
Nessun Tag, puoi essere il primo ad aggiungerne!!
|
MARC
| LEADER | 00000nam a2200000 a 4500 | ||
|---|---|---|---|
| 001 | UCJ0082 | ||
| 003 | CL-VaPUC | ||
| 008 | 060623e20050000UK |||||||||||||||||eng|d | ||
| 020 | |a 0851999131 | ||
| 082 | 0 | 4 | |a 631.84 |b ADD |2 21 |
| 100 | 0 | |a Addiscott, Tom M |e author |9 500150 | |
| 245 | 1 | 0 | |a Nitrate, agriculture and the environment |
| 300 | |a 279 p | ||
| 942 | |c BK | ||
| 945 | |d 20060623 00:00:00 |a jtorresc | ||
| 260 | |a Oxford |b CABI |c 2005 | ||
| 650 | 0 | |a Contaminación agrícola |9 262831 | |
| 650 | 0 | |a Desechos agrícolas |9 462512 | |
| 650 | 0 | |a Nitratos |9 368012 | |
| 650 | 0 | |a Agua |9 257149 | |
| 650 | 0 | |a Agricultura |9 255598 | |
| 583 | |a last modification |c 20180522 03:58:27 |k Rodrigo Vera | ||
| 999 | |c 317066 |d 317064 | ||
| 952 | |0 0 |1 0 |4 0 |6 631_840000000000000_ADD_2005 |7 0 |8 A |9 392813 |a BIBAGR |b BIBAGR |d 2019-11-22 |i 4241479 |o 631.84 ADD 2005 |p 4241479 |r 2025-01-20 |w 2019-11-22 |y BK |k AGR | ||